[Event "Int. Stuttgarter Stadtmeisterschaft A"]
[Site "Ditzingen"]
[Date "2018.05.12"]
[Round "6.25"]
[White "Huels, Maximilian"]
[Black "Hesse, Henrik"]
[Result "1/2-1/2"]
[WhiteElo "1824"]
[BlackElo "2109"]
[PlyCount "62"]
[EventDate "2018.??.??"]
[WhiteTeam "SV Mattnetz Berlin"]
[BlackTeam "SV Mattnetz Berlin"]

1. e4 e5 2. Nf3 Nf6 3. Nc3 Nc6 4. d4 exd4 5. Nxd4 Bb4 6. Nxc6 bxc6 7. Bd3 d5 8.
exd5 cxd5 9. O-O O-O 10. Bg5 c6 11. Qf3 Be7 12. h3 Be6 13. Ne2 c5 14. Ng3 h6
15. Bf4 Qc8 16. Rfe1 c4 17. Bf1 Bc5 18. Bxh6 Qb8 19. Bc1 Qb6 20. Rb1 Qa5 21.
Bg5 Nh7 22. Bf4 Qxa2 23. Nh5 Qa6 24. Qg3 g6 25. Be5 Bf5 26. Rbc1 Qc6 27. c3 f6
28. Bd4 Bd6 29. Re6 Rad8 30. Nxf6+ Nxf6 31. Bxf6 Qd7 {beiderseitige Zeitnot, 1/
2 nach 36. Zug von Weiß} 1/2-1/2

[Event "Int. Stuttgarter Stadtmeisterschaft A"]
[Site "Ditzingen"]
[Date "2018.05.12"]
[Round "6.26"]
[White "Huels, Marco"]
[Black "Speicher, Franz"]
[Result "1-0"]
[WhiteElo "2010"]
[BlackElo "1876"]
[PlyCount "78"]
[EventDate "2018.??.??"]
[WhiteTeam "SV Mattnetz Berlin"]
[BlackTeam "SV Dicker Turm Esslingen"]

1. e4 c6 2. Nc3 d5 3. Nf3 dxe4 4. Nxe4 Nf6 5. Ng3 Nbd7 6. d4 Qc7 7. Bd3 e6 8.
O-O Bd6 9. c3 O-O 10. Qe2 Re8 11. Bg5 e5 12. dxe5 Bxe5 13. Qd2 Nd5 14. Qc2 Nf8
15. Rae1 f6 16. Bc1 Bg4 17. Nxe5 Rxe5 18. f3 Bd7 19. Qb3 Qb6+ 20. Qxb6 axb6 21.
Rxe5 fxe5 22. a3 Nf4 23. Bc2 Rd8 24. Rd1 N8e6 25. Kf2 Be8 26. Rxd8 Nxd8 27. Ne4
Nde6 28. g3 Nd5 29. Nd6 Bg6 30. Bxg6 hxg6 31. Nxb7 Kf8 32. Nd6 Nc5 33. Ke2 b5
34. Ne4 Nb3 35. Be3 Nxe3 36. Kxe3 Ke7 37. Kd3 Na5 38. Nd2 Kd6 39. c4 Kc5 1-0

[Event "Int. Stuttgarter Stadtmeisterschaft A"]
[Site "Ditzingen"]
[Date "2018.05.12"]
[Round "6.27"]
[White "Narr, Matthias"]
[Black "Steinhart, Christoph"]
[Result "0-1"]
[WhiteElo "1868"]
[BlackElo "1985"]
[PlyCount "72"]
[EventDate "2018.??.??"]
[WhiteTeam "SR Heuberg-Gosheim"]
[BlackTeam "TSV Schönaich"]

1. e4 c5 2. Nc3 d6 3. f4 g6 4. Nf3 Bg7 5. Bb5+ Bd7 6. Bc4 Nc6 7. d3 e6 8. O-O
Nge7 9. Qe1 O-O 10. a4 Nd4 11. Nxd4 cxd4 12. Nd1 Rc8 13. Nf2 Kh8 14. a5 Nc6 15.
b4 a6 16. Nh3 d5 17. Bb3 dxe4 18. dxe4 d3 19. e5 Nd4 20. Be3 Bb5 21. Rf2 Nxb3
22. cxb3 Qd5 23. Bc5 Rfd8 24. Qc3 Bf8 25. Rd2 Bxc5+ 26. bxc5 Rxc5 27. Qb2 Rdc8
28. Rad1 Rc3 29. Qa3 R8c5 30. Nf2 Rxb3 31. Qa1 Kg7 32. Rc1 Bc4 33. Rc3 Qd4 34.
Rc1 Qxf4 35. Rxd3 Bxd3 36. Nxd3 Rxd3 0-1

[Event "Int. Stuttgarter Stadtmeisterschaft A"]
[Site "Ditzingen"]
[Date "2018.05.12"]
[Round "6.29"]
[White "Schmitz, Nico"]
[Black "Bueble, Joschua"]
[Result "1-0"]
[WhiteElo "1969"]
[BlackElo "1736"]
[PlyCount "69"]
[EventDate "2018.??.??"]
[WhiteTeam "SF Konz-Karthaus"]
[BlackTeam "SV Stockenhausen-Frommern"]

1. e4 e6 2. d4 d5 3. exd5 exd5 4. Bd3 Bd6 5. Nf3 Bg4 6. Nbd2 Ne7 7. c3 Nd7 8.
O-O O-O 9. Bxh7+ Kh8 10. Bd3 c5 11. h3 Bh5 12. Be2 Nc6 13. Nb3 c4 14. Nbd2 b5
15. Ne1 Bg6 16. f4 Qh4 17. Ndf3 Qe7 18. Ne5 Bxe5 19. dxe5 Qc5+ 20. Kh1 Be4 21.
Bf3 Bxf3 22. Nxf3 Ne7 23. Ng5 g6 24. e6 f6 25. Qe1 fxg5 26. Be3 Qc7 27. Bd4+
Kg8 28. exd7 Qxd7 29. Qe5 Nf5 30. Qh8+ Kf7 31. Qf6+ Ke8 32. Rae1+ Ne7 33. Qxg6+
Kd8 34. Qxg5 Rf5 35. Rxe7 1-0

[Event "Int. Stuttgarter Stadtmeisterschaft A"]
[Site "Ditzingen"]
[Date "2018.05.12"]
[Round "6.30"]
[White "Cummings, Orlyn"]
[Black "Gheng, Dominik"]
[Result "1-0"]
[WhiteElo "1883"]
[BlackElo "1939"]
[PlyCount "47"]
[EventDate "2018.??.??"]
[WhiteTeam "SK Schmiden/Cannstatt"]
[BlackTeam "Schach-Kids Bernhausen"]

1. e4 e5 2. Nf3 Nc6 3. Bb5 a6 4. Ba4 Nf6 5. O-O b5 6. Bb3 Bc5 7. c3 d6 8. d4
exd4 9. cxd4 Bb6 10. h3 O-O 11. Nc3 h6 12. Ne2 Bb7 13. Ng3 Ne7 14. Bc2 Ng6 15.
Nh2 d5 16. e5 Ne4 17. Nf5 Ne7 18. Nxh6+ gxh6 19. Ng4 Qc8 20. Bxe4 dxe4 21. Nf6+
Kh8 22. Qh5 Ng8 23. Bxh6 Nxf6 24. exf6 1-0

[Event "Int. Stuttgarter Stadtmeisterschaft A"]
[Site "Ditzingen"]
[Date "2018.05.12"]
[Round "6.31"]
[White "Meißner, Mogens"]
[Black "Wezel, Sebastian"]
[Result "0-1"]
[WhiteElo "1797"]
[BlackElo "1867"]
[PlyCount "83"]
[EventDate "2018.??.??"]
[WhiteTeam "SK Bietigheim-Bissingen"]
[BlackTeam "SV Dettingen Erms"]

1. e4 c5 2. Nc3 Nc6 3. f4 g6 4. Nf3 Bg7 5. Bb5 Nd4 6. O-O a6 7. Be2 e6 8. d3
Ne7 9. Be3 O-O 10. e5 Nef5 11. Bf2 d5 12. g4 Nxf3+ 13. Bxf3 Nd4 14. Bg2 f6 15.
exf6 Bxf6 16. Rb1 Qa5 17. a3 Bd7 18. Ne2 Ba4 19. Nxd4 cxd4 20. Qe2 Rfe8 21.
Rfc1 Rac8 22. Be1 Qc7 23. b3 Bc6 24. Qf2 Rf8 25. Bb4 Rf7 26. Qg3 a5 27. Bd2 Be7
28. Rf1 Bd6 29. Qe1 Bd7 30. Bxa5 Qxc2 31. Qd1 Bxf4 32. Kh1 Bb5 33. Qxc2 Rxc2
34. Rf3 Bc6 35. Rbf1 g5 36. Bc7 Rxc7 37. h4 h6 38. hxg5 hxg5 39. Rh3 Rh7 40.
Rxh7 Kxh7 41. Re1 e5 42. b4 {usw.} 0-1

[Event "Int. Stuttgarter Stadtmeisterschaft A"]
[Site "Ditzingen"]
[Date "2018.05.12"]
[Round "6.32"]
[White "Zeiler, Klaus"]
[Black "Metzdorf, Matteo"]
[Result "0-1"]
[WhiteElo "2063"]
[BlackElo "1849"]
[PlyCount "106"]
[EventDate "2018.??.??"]
[WhiteTeam "SC Pfullendorf"]
[BlackTeam "SG Trier"]

1. b3 e5 2. Bb2 Nc6 3. e3 Nf6 4. Bb5 Bd6 5. Na3 a6 6. Bxc6 dxc6 7. Nc4 Qe7 8.
Ne2 O-O 9. O-O Re8 10. f4 e4 11. Ng3 b5 12. Ne5 c5 13. h3 Qd8 14. a4 Bb7 15.
Nf5 Bf8 16. Ng4 Nxg4 17. hxg4 Qd7 18. Ra2 Rad8 19. Rf2 Bd5 20. axb5 axb5 21.
Ng3 Bd6 22. Nh5 Bf8 23. f5 Ra8 24. Rxa8 Rxa8 25. g5 c4 26. bxc4 Bxc4 27. Qg4
Ra2 28. Bxg7 Qc8 29. Be5 Be7 30. Nf6+ Bxf6 31. gxf6+ Kf8 32. Qxe4 Qd7 33. Qf4
Rxc2 34. Qh6+ Ke8 35. Qxh7 Qd5 36. Qg8+ Kd7 37. Qg3 Qc6 38. Bd4 Rc1+ 39. Kh2 b4
40. Qg8 Qd6+ 41. Qg3 Rh1+ 42. Kxh1 Qxg3 43. Kg1 b3 44. Bc3 Qd6 45. Rf4 Qa6 46.
g4 Qb5 47. g5 Ke8 48. g6 fxg6 49. Re4+ Kf8 50. Re5 Qd7 51. Bb4+ Kf7 52. Re7+
Qxe7 53. fxg6+ Kxf6 0-1

[Event "Int. Stuttgarter Stadtmeisterschaft A"]
[Site "Ditzingen"]
[Date "2018.05.12"]
[Round "6.33"]
[White "Koch, Martin"]
[Black "Jaster, Dirk"]
[Result "1/2-1/2"]
[WhiteElo "2056"]
[BlackElo "1849"]
[PlyCount "95"]
[EventDate "2018.??.??"]
[WhiteTeam "SC Botnang"]
[BlackTeam "SC Feuerbach"]

1. d4 Nf6 2. Nf3 e6 3. Bf4 d5 4. e3 Be7 5. Bd3 b6 6. h3 Bb7 7. O-O c5 8. c3 Nc6
9. Nbd2 Rc8 10. Re1 cxd4 11. exd4 Na5 12. Ne5 Nd7 13. Qg4 Nxe5 14. dxe5 g5 15.
Be3 Nc6 16. Nf3 h5 17. Qa4 Kf8 18. Bd4 Rg8 19. Nh2 g4 20. hxg4 hxg4 21. g3 Nxd4
22. cxd4 Bc6 23. Qd1 Bb4 24. Re3 Qg5 25. Be2 Rh8 26. Nxg4 Qh5 27. Bf3 Ke7 28.
Rc1 Kd8 29. a3 Be7 30. Rec3 Bc5 31. dxc5 b5 32. Qd4 Kc7 33. b4 Rcg8 34. Kf1
Rxg4 35. Qxg4 Qxg4 36. Bxg4 d4 37. Ke2 dxc3 38. Rxc3 Bd5 39. Bf3 Bc4+ 40. Ke3
Rg8 41. g4 Rh8 42. Rc1 Rd8 43. Rd1 Rh8 44. Kf4 Rh3 45. Rh1 Rxf3+ 46. Kxf3 Bd5+
47. Ke3 Bxh1 48. f4 1/2-1/2

[Event "Int. Stuttgarter Stadtmeisterschaft A"]
[Site "Ditzingen"]
[Date "2018.05.12"]
[Round "6.34"]
[White "Froehlich, Franziska"]
[Black "Giebler, Kai"]
[Result "1/2-1/2"]
[WhiteElo "1807"]
[BlackElo "1788"]
[PlyCount "50"]
[EventDate "2018.??.??"]
[WhiteTeam "SC Weiße Dame Ulm"]
[BlackTeam "TSF Ditzingen"]

1. e4 e5 2. Nf3 Nc6 3. Bb5 a6 4. Bxc6 dxc6 5. O-O f6 6. d4 exd4 7. Nxd4 c5 8.
Ne2 Qxd1 9. Rxd1 Bg4 10. f3 Bd7 11. Nbc3 O-O-O 12. Bf4 Ne7 13. Bg3 Ng6 14. Nd5
Ne5 15. Nef4 c4 16. Bf2 h5 17. Bd4 Bd6 18. Kf2 Nc6 19. Bc3 Bc5+ 20. Kf1 Rh6 21.
Ne2 h4 22. Bd2 Rh7 23. Be3 Bxe3 24. Nxe3 Ne5 25. Kf2 Rhh8 1/2-1/2

[Event "Int. Stuttgarter Stadtmeisterschaft A"]
[Site "Ditzingen"]
[Date "2018.05.12"]
[Round "6.35"]
[White "Partik, Markus"]
[Black "Handel, Oliver"]
[Result "1/2-1/2"]
[WhiteElo "1958"]
[BlackElo "1836"]
[PlyCount "65"]
[EventDate "2018.??.??"]
[WhiteTeam "TSV Münchingen"]
[BlackTeam "SF Kornwestheim"]

1. c4 e5 2. Nc3 Nf6 3. Nf3 Nc6 4. g3 d5 5. cxd5 Nxd5 6. d3 Be7 7. Bg2 Nb6 8.
Be3 Be6 9. O-O O-O 10. Ne4 Nd5 11. Bc5 f6 12. Rc1 b6 13. Bxe7 Ncxe7 14. a3 c5
15. Nc3 Rc8 16. Qa4 Nxc3 17. bxc3 Qd7 18. Qc2 Bh3 19. Qa2+ Be6 20. Bh3 Rc6 21.
Nd2 Qd5 22. c4 Qd7 23. Bg2 Bh3 24. a4 Bxg2 25. Kxg2 Nf5 26. Ne4 Nd4 27. Nc3 f5
28. e3 Ne6 29. Nd5 f4 30. exf4 exf4 31. f3 fxg3 32. hxg3 Nd4 33. Rce1 1/2-1/2

[Event "Int. Stuttgarter Stadtmeisterschaft A"]
[Site "Ditzingen"]
[Date "2018.05.12"]
[Round "6.36"]
[White "Ruff, Robert"]
[Black "Kobald, Jacqueline"]
[Result "0-1"]
[WhiteElo "1806"]
[BlackElo "1692"]
[PlyCount "71"]
[EventDate "2018.??.??"]
[WhiteTeam "SK Sachsenheim"]
[BlackTeam "SV Stuttgart-Wolfbusch"]

1. d4 Nf6 2. c4 e6 3. Nc3 Bb4 4. e3 c5 5. Bd3 O-O 6. Nf3 Nc6 7. O-O Bxc3 8.
bxc3 d6 9. e4 e5 10. d5 Ne7 11. h3 Ng6 12. Nh2 Qe7 13. Bg5 h6 14. Bd2 Nh7 15.
Ng4 f5 16. exf5 Bxf5 17. Bxf5 Rxf5 18. Bxh6 Nf4 19. Bxf4 Rxf4 20. Ne3 Raf8 21.
Rb1 Ng5 22. Rb2 e4 23. Ng4 Nxh3+ 24. gxh3 Qh4 25. Kg2 Rf3 26. Rh1 R8f4 27. Qe1
Rxg4+ 28. hxg4 Qxg4+ 29. Kf1 e3 30. Rh2 Qg3 31. Rg2 Qh3 32. Kg1 Qh4 33. Re2 Rh3
34. Rxg7+ Kxg7 35. fxe3 Rh1+ 36. Kg2 0-1

[Event "Int. Stuttgarter Stadtmeisterschaft A"]
[Site "Ditzingen"]
[Date "2018.05.12"]
[Round "6.37"]
[White "Hoeschele, Hans-Ulrich"]
[Black "Issaad, Pascal"]
[Result "1-0"]
[WhiteElo "1994"]
[BlackElo "1893"]
[PlyCount "57"]
[EventDate "2018.??.??"]
[WhiteTeam "Stuttgarter SF"]
[BlackTeam "SV Stuttgart-Wolfbusch"]

1. d4 f5 2. g3 Nf6 3. Bg2 g6 4. Nd2 Bg7 5. e4 fxe4 6. Nxe4 Nxe4 7. Bxe4 c5 8.
Ne2 cxd4 9. Nxd4 Nc6 10. Be3 O-O 11. c3 d5 12. Bg2 Kh8 13. Qd2 e5 14. Nb3 Be6
15. O-O Ne7 16. Bh6 Bxh6 17. Qxh6 Qc7 18. Qe3 b6 19. Rfe1 Nc6 20. Rad1 Rad8 21.
Rd2 a5 22. Nc1 e4 23. Ne2 Ne5 24. Nf4 Bf7 25. b3 Rfe8 26. Red1 Ng4 27. Qd4+ Qe5
28. Bxe4 Qxd4 29. Rxd4 1-0

[Event "Int. Stuttgarter Stadtmeisterschaft A"]
[Site "Ditzingen"]
[Date "2018.05.12"]
[Round "6.38"]
[White "Recker, Martin"]
[Black "Shourya Jain"]
[Result "0-1"]
[WhiteElo "1879"]
[BlackElo "1931"]
[PlyCount "41"]
[EventDate "2018.??.??"]
[WhiteTeam "SF Freiberg"]

1. Nf3 d5 2. d4 e6 3. c4 c6 4. g3 f5 5. Bg2 Nf6 6. O-O Bd6 7. Bg5 O-O 8. Nbd2
Nbd7 9. e3 Qe8 10. Bf4 Be7 11. Ng5 Nb8 12. Be5 h6 13. Ngf3 Nbd7 14. a3 Ne4 15.
Rc1 Nxe5 16. Nxe5 Bf6 17. Ndf3 g5 18. Nd3 Nd6 19. Nfe5 Kg7 20. Bf3 g4 21. Be2 {
Rest unleserlich} 0-1

[Event "Int. Stuttgarter Stadtmeisterschaft A"]
[Site "Ditzingen"]
[Date "2018.05.13"]
[Round "7.1"]
[White "Kabisch, Thilo"]
[Black "Turov, Maxim"]
[Result "1-0"]
[WhiteElo "2315"]
[BlackElo "2602"]
[PlyCount "67"]
[EventDate "2018.??.??"]
[WhiteTeam "SK Schmiden/Cannstatt"]

1. e4 e5 2. Nf3 Nc6 3. Bb5 a6 4. Ba4 Nge7 5. c3 g6 6. d4 exd4 7. cxd4 b5 8. Bb3
Bg7 9. O-O O-O 10. h3 Bb7 11. Nc3 Na5 12. Bc2 d6 13. Bg5 h6 14. Bf4 f5 15. e5
g5 16. Bh2 Nc4 17. b3 Na3 18. Bd3 b4 19. Na4 Nb5 20. Bc4+ Kh8 21. Nxg5 Nxd4 22.
exd6 Nd5 23. Ne6 Nxe6 24. Bxd5 Bxd5 25. Qxd5 Bxa1 26. Rxa1 Ng7 27. d7 f4 28.
Rd1 Qg5 29. Nc5 Kh7 30. Qe4+ Kh8 31. Qxb4 f3 32. Bg3 Rg8 33. Qd4 Kh7 34. Ne4
1-0

[Event "Int. Stuttgarter Stadtmeisterschaft A"]
[Site "Ditzingen"]
[Date "2018.05.13"]
[Round "7.2"]
[White "Kryakvin, Dmitry"]
[Black "Zuferi, Enis"]
[Result "1-0"]
[WhiteElo "2573"]
[BlackElo "2342"]
[PlyCount "122"]
[EventDate "2018.??.??"]
[BlackTeam "Heilbronner SV"]

1. d4 Nf6 2. Bg5 Ne4 3. Bf4 c5 4. f3 Qa5+ 5. c3 Nf6 6. d5 Qb6 7. b3 e6 8. e4
exd5 9. exd5 Bd6 10. Bg5 Be7 11. c4 O-O 12. Nc3 Re8 13. Nge2 d6 14. Bd2 Qd8 15.
Be3 Na6 16. Ng3 Nc7 17. a4 Na6 18. Be2 Nb4 19. O-O h5 20. Na2 Nxa2 21. Rxa2 h4
22. Nh1 Bf5 23. Nf2 a5 24. Re1 Nh7 25. Bd3 Qd7 26. Bxf5 Qxf5 27. Qd3 Qxd3 28.
Nxd3 Bg5 29. Bf2 Kf8 30. Kf1 b6 31. Rae2 Rxe2 32. Rxe2 Re8 33. f4 Bf6 34. Ne1
h3 35. gxh3 Bc3 36. Nf3 Nf6 37. f5 Re4 38. Bg3 Ke7 39. Bh4 Kd7 40. Bxf6 Rxe2
41. Kxe2 Bxf6 42. Ke3 Ke7 43. Kf4 Bb2 44. h4 Bc3 45. Kg4 Bb2 46. h3 Kf6 47. Ng5
Be5 48. h5 Bb2 49. Nh7+ Ke7 50. Ng5 Kf6 51. h4 Bd4 52. Kf4 Be5+ 53. Kf3 Bb2 54.
Ne4+ Ke7 55. f6+ Bxf6 56. Nxf6 Kxf6 57. Kf4 Ke7 58. Kg5 Kf8 59. h6 g6 60. Kf6
Kg8 61. h7+ Kxh7 1-0

[Event "Int. Stuttgarter Stadtmeisterschaft A"]
[Site "Ditzingen"]
[Date "2018.05.13"]
[Round "7.3"]
[White "Ortmann, David"]
[Black "Maiorov, Nikita"]
[Result "0-1"]
[WhiteElo "2322"]
[BlackElo "2532"]
[PlyCount "52"]
[EventDate "2018.??.??"]
[WhiteTeam "SC Böblingen"]

1. d4 Nf6 2. c4 e6 3. Nc3 Bb4 4. Qc2 c5 5. dxc5 Bxc5 6. Bf4 Nh5 7. Bg3 b6 8.
Nf3 Bb7 9. Bh4 Be7 10. Bxe7 Qxe7 11. Nb5 Na6 12. Rd1 O-O 13. Nd6 Bd5 14. cxd5
Qxd6 15. dxe6 Qxe6 16. Ng5 Qh6 17. h4 Rae8 18. Qd2 Nc5 19. g3 Qc6 20. Qd5 Qxd5
21. Rxd5 Nf6 22. Rd4 h6 23. Nh3 Nce4 24. Kd1 Re5 25. Bg2 Rc8 26. Rxe4 Rd5+ 0-1

[Event "Int. Stuttgarter Stadtmeisterschaft A"]
[Site "Ditzingen"]
[Date "2018.05.13"]
[Round "7.4"]
[White "Ikonnikov, Vyacheslav"]
[Black "Klings, Peter"]
[Result "1-0"]
[WhiteElo "2541"]
[BlackElo "2142"]
[PlyCount "117"]
[EventDate "2018.??.??"]
[BlackTeam "Freibauer Mörlenbach"]

1. d4 Nf6 2. Nf3 e6 3. c4 Bb4+ 4. Bd2 Qe7 5. e3 b6 6. Bd3 Bb7 7. O-O O-O 8. Nc3
d6 9. Re1 Bxc3 10. Bxc3 Ne4 11. Bb4 c5 12. Ba3 Nd7 13. b3 f5 14. Bb2 Ndf6 15.
Qe2 Ng4 16. Rf1 Rae8 17. h3 Ngf6 18. Rfe1 h6 19. Nh2 e5 20. f3 Ng3 21. Qf2 Nfh5
22. dxe5 dxe5 23. Bc2 e4 24. f4 g5 25. Be5 Kh7 26. Rad1 Rd8 27. Rxd8 Rxd8 28.
Rd1 Bc6 29. Rxd8 Qxd8 30. fxg5 Qxg5 31. Bd1 Be8 32. h4 Qg6 33. Qd2 Qe6 34. Qd6
Qxd6 35. Bxd6 f4 36. Ng4 Nf5 37. Bxf4 Nxf4 38. exf4 Kg7 39. Bc2 Bc6 40. h5 Ng3
41. Kf2 Nxh5 42. g3 Bb7 43. Bd1 Kh7 44. Ne3 Nf6 45. Nf5 Bc6 46. Nd6 a6 47. a4
Kg6 48. Nc8 Bb7 49. Nxb6 Kf5 50. a5 h5 51. Na4 h4 52. gxh4 Kxf4 53. Nxc5 e3+
54. Ke1 Bc8 55. b4 Ke5 56. Nb3 Ne4 57. b5 Nc3 58. b6 Kd6 59. Bf3 1-0

[Event "Int. Stuttgarter Stadtmeisterschaft A"]
[Site "Ditzingen"]
[Date "2018.05.13"]
[Round "7.5"]
[White "Migl, Dieter"]
[Black "Koepke, Christian"]
[Result "1-0"]
[WhiteElo "2170"]
[BlackElo "2328"]
[PlyCount "105"]
[EventDate "2018.??.??"]
[WhiteTeam "Stuttgarter SF"]
[BlackTeam "SC Garching"]

1. e4 c5 2. Nc3 g6 3. f4 Bg7 4. Nf3 Nc6 5. Bb5 Nd4 6. a4 b6 7. Bc4 Bb7 8. Bd5
Bxd5 9. Nxd5 e6 10. Ne3 Ne7 11. O-O O-O 12. d3 d5 13. Kh1 Qc7 14. Qe1 Nxf3 15.
Rxf3 f5 16. Rh3 fxe4 17. Ng4 Rae8 18. dxe4 dxe4 19. Nf2 e5 20. Qxe4 exf4 21.
Qc4+ Kh8 22. Bd2 Nc6 23. Nd3 g5 24. Rf1 Nd4 25. Rh5 Re2 26. Bc3 f3 27. gxf3
Rxf3 28. Rxf3 Nxf3 29. Nf4 Qc6 30. Qxe2 Bxc3 31. bxc3 gxf4 32. c4 Nd4+ 33. Qg2
f3 34. Qf2 Qe4 35. Rd5 Qf4 36. Rd8+ Kg7 37. Qg3+ Qxg3 38. hxg3 Nxc2 39. Rd7+
Kg6 40. Rxa7 Ne3 {nach beiden Formularen folgte nun 41.Kf2} 41. Kg1 Z0 42. Kf2
Nxc4 43. Kxf3 h5 44. Kf4 Nb2 45. Ra6 Kf7 46. Kf5 c4 47. Rxb6 c3 48. Rb7+ Kf8
49. a5 Nc4 50. Kf6 Ke8 51. a6 c2 52. a7 c1=Q 53. a8=Q# 1-0

[Event "Int. Stuttgarter Stadtmeisterschaft A"]
[Site "Ditzingen"]
[Date "2018.05.13"]
[Round "7.6"]
[White "Poysti, Nathanael"]
[Black "Pogan, Nikolas"]
[Result "1/2-1/2"]
[WhiteElo "1977"]
[BlackElo "2223"]
[PlyCount "119"]
[EventDate "2018.??.??"]
[BlackTeam "Heilbronner SV"]

1. e4 c6 2. d4 d5 3. exd5 cxd5 4. Bd3 Nc6 5. c3 Nf6 6. Bf4 Bg4 7. Qb3 Qc8 8.
Nd2 e6 9. Ngf3 Be7 10. O-O O-O 11. Rae1 Bh5 12. Ne5 Nxe5 13. Bxe5 Bg6 14. Bxg6
hxg6 15. Qd1 b5 16. Re3 a5 17. h4 b4 18. Rh3 Ra6 19. h5 g5 20. h6 g6 21. f4 Nh7
22. fxg5 Bxg5 23. Bg7 Re8 24. Nb3 bxc3 25. Rxc3 Qb8 26. Nc5 Ra7 27. b3 Be7 28.
Qc2 Bxc5 29. Rxc5 Qg3 30. Rc1 Ng5 31. Qc3 Nh3+ 32. Kh1 Nf2+ 33. Kg1 Nh3+ 34.
Kh1 Nf2+ 35. Kg1 Qxc3 36. R5xc3 Ng4 37. Rc8 Ra8 38. Rxe8+ Rxe8 39. Rc5 Ra8 40.
a4 g5 41. Kf1 Kh7 42. Ke2 Rb8 43. Rb5 Ra8 44. Kd2 Kg6 45. Kc3 Ra6 46. g3 f6 47.
b4 axb4+ 48. Kxb4 Nxh6 49. Bxh6 Kxh6 50. g4 f5 51. gxf5 exf5 52. a5 Kh5 53.
Rxd5 Rf6 54. a6 f4 55. a7 Rf8 56. Kc5 f3 57. Rd7 g4 58. Rf7 Rxf7 59. a8=Q f2
60. Qd5+ {Rest unbekannt} 1/2-1/2

[Event "Int. Stuttgarter Stadtmeisterschaft A"]
[Site "Ditzingen"]
[Date "2018.05.13"]
[Round "7.7"]
[White "Dudek, Richard"]
[Black "Gabriel, Josef"]
[Result "1-0"]
[WhiteElo "2231"]
[BlackElo "2106"]
[PlyCount "61"]
[EventDate "2018.??.??"]
[WhiteTeam "SC Eppingen"]
[BlackTeam "Stuttgarter SF"]

1. e4 g6 2. d4 Bg7 3. Nc3 d6 4. f4 a6 5. Nf3 b5 6. Bd3 Nd7 7. e5 Bb7 8. Qe2 Nb6
9. Ne4 Bxe4 10. Bxe4 d5 11. Bd3 e6 12. O-O Ne7 13. g4 h5 14. h3 Qd7 15. Kg2
O-O-O 16. b3 Nc6 17. Bd2 Kb7 18. a4 Na7 19. axb5 axb5 20. Ra5 c6 21. Rfa1 Ra8
22. Bb4 Bf8 23. Bc5 Be7 24. Bxb6 Kxb6 25. c4 Bb4 26. Ra6+ Kb7 27. Qa2 Kb8 28.
Rb6+ Kc7 29. Qxa7+ Rxa7 30. Rxa7+ Kxb6 31. Rxd7 1-0

[Event "Int. Stuttgarter Stadtmeisterschaft A"]
[Site "Ditzingen"]
[Date "2018.05.13"]
[Round "7.8"]
[White "Latzke, Boris"]
[Black "Maisch, Julian"]
[Result "1/2-1/2"]
[WhiteElo "2217"]
[BlackElo "2184"]
[PlyCount "91"]
[EventDate "2018.??.??"]
[WhiteTeam "SK Bebenhausen"]
[BlackTeam "SF Kornwestheim"]

1. d4 Nf6 2. c4 e6 3. Nf3 d5 4. Nc3 Be7 5. cxd5 Nxd5 6. e4 Nxc3 7. bxc3 O-O 8.
Bd3 Nd7 9. Qe2 Re8 10. O-O b6 11. Re1 Bb7 12. Bb2 e5 13. Rad1 exd4 14. cxd4 Bb4
15. Rf1 Nf8 16. Qc2 Qe7 17. d5 Ng6 18. a3 Bxa3 19. Bxa3 Qxa3 20. Qxc7 Re7 21.
Qg3 Rd8 22. Nd4 Red7 23. Nf5 a6 24. Ra1 Qb2 25. Rab1 Qf6 26. f4 Bxd5 27. exd5
Rxd5 28. Be4 Rxf5 29. Bxf5 Qxf5 30. Rxb6 Qc5+ 31. Qf2 Qxf2+ 32. Rxf2 Rd1+ 33.
Rf1 Rxf1+ 34. Kxf1 h5 35. g3 Nf8 36. Rxa6 g6 37. Kf2 Kg7 38. Kf3 Ne6 39. Rb6
Nd4+ 40. Ke4 Nf5 41. Ke5 Ne3 42. Ra6 Ng4+ 43. Kd6 Nxh2 44. Ke7 Ng4 45. Ra3 Nh6
46. Ke8 1/2-1/2

[Event "Int. Stuttgarter Stadtmeisterschaft A"]
[Site "Ditzingen"]
[Date "2018.05.13"]
[Round "7.9"]
[White "Degenhard, Simon"]
[Black "Schönhof, Timo"]
[Result "1-0"]
[WhiteElo "2189"]
[BlackElo "1948"]
[PlyCount "49"]
[EventDate "2018.??.??"]
[WhiteTeam "Heilbronner SV"]
[BlackTeam "SK Engen"]

1. d4 Nf6 2. Nf3 e6 3. e3 c5 4. Bd3 d5 5. b3 Be7 6. Bb2 O-O 7. Nbd2 b6 8. O-O
Bb7 9. Ne5 Nbd7 10. Qf3 Nxe5 11. dxe5 Nd7 12. Qh3 g6 13. f4 Re8 14. Rad1 f5 15.
g4 Rc8 16. Kf2 Nf8 17. Rg1 Kf7 18. gxf5 Bh4+ 19. Ke2 gxf5 20. Bxf5 Ng6 21.
Bxe6+ Rxe6 22. f5 Rec6 23. e6+ Kg8 24. fxg6 d4 25. gxh7+ 1-0

[Event "Int. Stuttgarter Stadtmeisterschaft A"]
[Site "Ditzingen"]
[Date "2018.05.13"]
[Round "7.10"]
[White "Cofmann, Veaceslav"]
[Black "Kuberczyk, Christoph"]
[Result "1/2-1/2"]
[WhiteElo "2183"]
[BlackElo "2244"]
[PlyCount "22"]
[EventDate "2018.??.??"]
[WhiteTeam "Karlsruher SF"]
[BlackTeam "SV Diag.Harburg"]

1. d4 d5 2. c4 e6 3. Nc3 c6 4. e4 dxe4 5. Nxe4 Bb4+ 6. Nc3 e5 7. d5 Nf6 8. Bg5
Qa5 9. Bd2 cxd5 10. a3 Bxc3 11. Bxc3 Qd8 1/2-1/2

[Event "Int. Stuttgarter Stadtmeisterschaft A"]
[Site "Ditzingen"]
[Date "2018.05.13"]
[Round "7.11"]
[White "Reindl, Arno"]
[Black "Reuss, Andreas"]
[Result "1-0"]
[WhiteElo "2028"]
[BlackElo "2346"]
[PlyCount "103"]
[EventDate "2018.??.??"]
[WhiteTeam "SG Schwäbisch Gmünd"]

1. e4 c6 2. d4 d5 3. Nc3 dxe4 4. Nxe4 Bf5 5. Ng3 Bg6 6. Nf3 Nd7 7. Bd3 e6 8.
O-O Qc7 9. c3 Ngf6 10. Re1 Bd6 11. Ng5 Nf8 12. Nf3 O-O-O 13. Be3 Kb8 14. Qc2
Bxd3 15. Qxd3 Ng6 16. Ne4 Nxe4 17. Qxe4 Rhe8 18. Qc2 h6 19. Rad1 Qa5 20. c4 Qh5
21. d5 exd5 22. cxd5 cxd5 23. Bxa7+ Kxa7 24. Rxe8 Rxe8 25. Qa4+ Kb6 26. Qxe8
Ne5 27. Qd8+ Bc7 28. Qxd5 Nxf3+ 29. Qxf3 Bxh2+ 30. Kf1 Qxf3 31. gxf3 Be5 32.
Rd2 h5 33. Rd5 f6 34. f4 Kc6 35. Ra5 b6 36. Ra7 Bxb2 37. Rxg7 Kc5 38. Rg3 Bd4
39. Rh3 Kb4 40. Rb3+ Kc5 41. Rh3 Kb4 42. Ke2 h4 43. f5 Be5 44. Kd3 Ka3 45. Rxh4
Kxa2 46. Rb4 Bc7 47. Rc4 Bd8 48. Rc8 Be7 49. Rc6 b5 50. Re6 Bd8 51. Kc3 Ba5+
52. Kc2 1-0

[Event "Int. Stuttgarter Stadtmeisterschaft A"]
[Site "Ditzingen"]
[Date "2018.05.13"]
[Round "7.12"]
[White "Döring, Stefan"]
[Black "Leutwyler, Martin"]
[Result "1-0"]
[WhiteElo "1983"]
[BlackElo "2193"]
[PlyCount "73"]
[EventDate "2018.??.??"]
[WhiteTeam "SC Tamm"]
[BlackTeam "SF Gottmadingen"]

1. Nf3 d5 2. e3 Nf6 3. c4 c6 4. Nc3 a6 5. d4 b5 6. c5 g6 7. Ne5 Bg7 8. Bd3 a5
9. a3 Nfd7 10. f4 Nxe5 11. fxe5 f6 12. exf6 Bxf6 13. Qb3 Bf5 14. Bxf5 gxf5 15.
Bd2 e6 16. Qd1 O-O 17. O-O Nd7 18. Be1 Kh8 19. Bg3 Rg8 20. Ne2 Rg4 21. Nf4 Qg8
22. Qd3 Qf7 23. a4 b4 24. b3 h5 25. Ra2 h4 26. Be1 Be7 27. Nh3 Nf6 28. Rf4 Qh5
29. Rxg4 Nxg4 30. Nf4 Qf7 31. h3 e5 32. Ne2 e4 33. Qd2 Nh6 34. Nf4 Qg8 35. Qe2
Qf7 36. Qf1 Qf6 37. Bxh4 1-0

[Event "Int. Stuttgarter Stadtmeisterschaft A"]
[Site "Ditzingen"]
[Date "2018.05.13"]
[Round "7.14"]
[White "Lohvinov, Petro"]
[Black "Jerie, Sven"]
[Result "0-1"]
[WhiteElo "1879"]
[BlackElo "2078"]
[PlyCount "98"]
[EventDate "2018.??.??"]
[WhiteTeam "SK München Südost"]
[BlackTeam "SG Ludwigsburg"]

1. e4 e5 2. Nf3 Nc6 3. d4 exd4 4. Nxd4 Nf6 5. Nxc6 bxc6 6. e5 Qe7 7. Qe2 Nd5 8.
c4 Nb6 9. Nc3 Ba6 10. Qe4 Qe6 11. b3 Bb4 12. Bd2 Bxc3 13. Bxc3 d5 14. Qh4 dxc4
15. Be2 O-O 16. O-O Rfe8 17. Rad1 Rab8 18. f4 Qf5 19. Rf3 Nd5 20. Bd4 Qe4 21.
Bf1 c3 22. Bxa7 Bxf1 23. Rdxf1 Ra8 24. Qf2 c2 25. Rc1 Nb4 26. a3 Rxa7 27. axb4
Ra2 28. Rc3 Qxb4 29. R3xc2 Rxc2 30. Qxc2 Qxf4 31. Qxc6 Qxe5 32. Qxc7 Qe3+ 33.
Kf1 Qe2+ 34. Kg1 Qe3+ 35. Kf1 Qxb3 36. Qc4 Qe3 37. Qc3 Qe2+ 38. Kg1 h6 39. Qc2
Qe3+ 40. Kf1 Re6 41. g3 Qf3+ 42. Qf2 Qh1+ 43. Qg1 Rf6+ 44. Ke2 Qe4+ 45. Qe3
Qg2+ 46. Kd3 Rf3 47. Rc8+ Kh7 48. Qxf3 Qxf3+ 49. Kd2 Qf2+ 0-1